| 000 | 00963nac a22002171u 4500 | ||
|---|---|---|---|
| 008 | 100906t xxu||||| |||| 00| 0 eng d | ||
| 010 | _a 95038354 | ||
| 020 | _a0824795768 (alk. paper) | ||
| 082 | 0 | 0 |
_a621.89 _bBLA |
| 100 |
_aBlau, P. J. _918150 |
||
| 245 | 1 | 0 |
_aFriction Science and Technology / _cPeter J. Blau. |
| 260 |
_aNew York : _bM. Dekker, _c1996. |
||
| 300 |
_avii, 399 p. : _bill. ; _c24 cm. |
||
| 490 | 1 |
_aMechanical engineering ; _v100 _918151 |
|
| 504 | _aIncludes bibliographical references and indexes. | ||
| 650 | 0 |
_aFriction. _918152 |
|
| 830 | 0 |
_aMechanical engineering (Marcel Dekker, Inc.) ; _918153 |
|
| 856 | 4 | 2 |
_3Publisher description _uhttp://www.loc.gov/catdir/enhancements/fy0647/95038354-d.html |
| 942 |
_cBB _k621.89BLA _2ddc |
||
| 999 |
_c3941 _d3941 |
||